000 00791nam a2200229 a 4500
001 24076
003 BD-RjUL
005 20211209001015.0
008 140312r19481937maua 001 0 eng d
035 _a(BD-RjUL)24142
040 _aBD-RjUL
_beng
_cBD-RjUL
_dBD-RjUL
041 _aeng
082 _a923.2
_bTRG
100 1 _aTrevelyan, George Macaulay,
_d1876-1962.
_955186
245 1 0 _aGrey of Fallodon :
_bthe life and letters of Sir Edward Grey, afterwards Viscount Grey of Fallodon.
260 _aBoston :
_bHoughton Mifflin,
_c1937 [reprinted 1948]
300 _axiii, 393 p. ;
_c22cm.
504 _aIncludes index.
600 1 0 _aGrey of Fallodon, Edward Grey,
_cViscount,
_d1862-1933
_974178
600 1 0 _aGrey of Fallodon, Edward Grey,
_cViscount,
_d1862-1933
_974179
942 _2ddc
_cBK
999 _c24076
_d24076